Statistics for June 28th: Birthdays

Click here to take the quiz!

General Stats

  • This quiz has been taken 12 times
  • The average score is 3 of 8

Answer Stats

YearClueAnswer% Correct
1491King of EnglandHenry VIII
64%
1971One of the richest people in the worldElon Musk
55%
1948Actress in MiseryKathy Bates
55%
1902Part of Rodgers & HammersteinRichard Rodgers
45%
1960Quarterback of the Denver Broncos
John Elway
36%
1703Co-founder of the Methodist movementJohn Wesley
18%
1926Created Get SmartMel Brooks
9%
1883President of FrancePierre Laval
0%

Score Distribution

Percentile by Number Answered

Percent of People with Each Score

Your Score History

You have not taken this quiz